Chansons de Christophe - Statistiques

Statistiques générales
  • Ce quiz a été pris 7 fois
  • Le résultat moyen est 13 sur 175
Statistiques - réponses
Album Titre % Correct
Christophe (1966) 6 Aline
100%
Christophe (1967) 7 Aline
100%
Christophe, etc. Vol. 2 6 Aline
100%
Les Mots bleus 4 Les Mots bleus
86%
Christophe, Etc. 6 Les Mots Bleus
86%
Les Paradis perdus 6 Les Paradis perdus
57%
Christophe, etc. Vol. 2 7 Les Paradis perdus
57%
La dolce vita 1 La dolce vita
43%
Christophe, etc. Vol. 2 2 La Dolce Vita
43%
Le Beau Bizarre 5 Le Beau Bizarre
43%
Christophe, etc. Vol. 2 9 Le Beau Bizarre
43%
Christophe (1966) 1 Les Marionnettes
43%
Christophe, etc. Vol. 2 8 Les Marionnettes
43%
Pas vu, pas pris 6 Pas vu, pas pris
43%
Christophe, Etc. 2 Petite fille du soleil
43%
Samouraï 1 Samouraï
43%
Comm'si la terre penchait 9 Comm'si la terre penchait
29%
La dolce vita 6 Daisy
29%
Christophe, etc. Vol. 2 5 Daisy
29%
Christophe (1972) 1 Main dans la main
29%
Les Mots bleus 2 Señorita
29%
Christophe, Etc. 3 Señorita
29%
Christophe, Etc. 1 Succès fou
29%
Les Mots bleus 1 Le Dernier des Bevilacqua
14%
La dolce vita 7 Le dernier des Bevilacqua
14%
Les Vestiges du chaos 10 Les Vestiges du chaos
14%
Aimer ce que nous sommes 13 Lita / Les voyageurs du train...
14%
Pas vu, pas pris 8 L'Italie
14%
Christophe (1972) 7 Mal
14%
Aimer ce que nous sommes 3 Mal comme
14%
Christophe (1972) 6 Oh ! Mon amour
14%
Le Beau Bizarre 1 Un peu menteur
14%
Christophe, Etc. 9 Un peu menteur
14%
La dolce vita 8 Adesso si domani no
0%
Pas vu, pas pris 1 Agitation
0%
Clichés d'Amour 7 Arriverderci Roma
0%
Les Paradis perdus 1 Avec l'expression de mes sentiments distingués
0%
Paradis retrouvé 3 Baby the Babe
0%
Christophe, etc. Vol. 2 3 Boule de flipper
0%
Paradis retrouvé 9 Carrie
0%
Comm'si la terre penchait 4 Ces petits luxes
0%
Les Mots bleus 3 C'est la question
0%
Christophe (1966) 2 Cette vie-là
0%
Christophe (1967) 4 Christina
0%
Christophe, Etc. 10 Coeur défiguré
0%
Comm'si la terre penchait 5 Comme un interdit
0%
Les Vestiges du chaos 5 Dangereuse
0%
Clichés d'Amour 3 Danse perfidia
0%
Les Vestiges du chaos 1 Définitivement
0%
Clichés d'Amour 1 Dernier baiser
0%
Christophe (1967) 3 Dimmi sì, dimmi no
0%
Le Beau Bizarre 8 Ce mec Lou
0%
Les Mots bleus 7 Drôle de vie
0%
Les Vestiges du chaos 7 Drone
0%
Les Paradis perdus 4 Du pain et du laurier
0%
Les Vestiges du chaos 11 E justo
0%
Comm'si la terre penchait 1 Elle dit, elle dit, elle dit
0%
Les Paradis perdus 2 Emporte-moi
0%
Bevilacqua 4 Enzo
0%
Bevilacqua 3 Enzo (départ)
0%
Christophe (1972) 10 Épouvantail
0%
Christophe (1967) 1 Estate senza te
0%
Paradis retrouvé 2 Fairlight
0%
Christophe (1972) 4 Fait chaud ce soir
0%
Les Paradis perdus 9 Ferber endormi
0%
Christophe (1972) 8 Good bye, je reviendrai
0%
Paradis retrouvé 10 Harp Odyssey
0%
Le Beau Bizarre 4 Histoire de vous plaire
0%
Paradis retrouvé 11 Hommage à Jean-Michel Desjeunes
0%
Le Beau Bizarre 2 Ici repose
0%
Le Beau Bizarre 9 Il faut oser le faire
0%
Les Paradis perdus 7 Intermède
0%
Aimer ce que nous sommes 9 Interview de...
0%
Christophe (1967) 2 Io sono qui
0%
Paradis retrouvé 13 I Sing for...
0%
Aimer ce que nous sommes 4 It Must Be a Signe
0%
Christophe (1966) 3 J'ai eu tort
0%
Comm'si la terre penchait 3 J'aime l'ennui
0%
Bevilacqua 13 Je cherche toujours
0%
Pas vu, pas pris 7 Je m'vois beau
0%
Christophe (1966) 10 Je ne t'aime plus
0%
Christophe (1966) 4 Je suis parti
0%
Christophe (1966) 9 Je t'ai retrouvée
0%
Christophe (1967) 12 Je t'ai retrouvée
0%
Christophe (1966) 7 Je vous salue madame
0%
Christophe, Etc. 7 J'l'ai pas touchée
0%
Bevilacqua 7 J't'aime à l'envers
0%
Bevilacqua 5 Label obscur
0%
La dolce vita 9 La bête
0%
Christophe (1966) 11 La Fille aux yeux bleus
0%
La dolce vita 2 La fine di un amore
0%
Comm'si la terre penchait 2 La Man
0%
Les Mots bleus 5 La Mélodie
0%
La dolce vita 4 La mélodie
0%
Clichés d'Amour 2 La nuit bleue
0%
Christophe, etc. Vol. 2 10 La Petite Fille du 3ème
0%
Christophe (1972) 2 La Petite Fille du troisième
0%
Samouraï 8 Le cimetière des baleines
0%
Pas vu, pas pris 4 Le Fou garou
0%
Le Beau Bizarre 7 Le Grand Couteau
0%
Le Beau Bizarre 3 Le Héros déchiré
0%
Christophe, Etc. 5 Le Man
0%
Christophe (1967) 8 Le Marionette
0%
Comm'si la terre penchait 7 L'enfer commence avec L
0%
Les Mots bleus 6 Le Petit Gars
0%
Christophe, Etc. 4 Le Petit Gars
0%
Les Vestiges du chaos 9 Les Mots fous
0%
Christophe (1967) 11 Le Spectacle
0%
Pas vu, pas pris 3 Les Tabourets du bar
0%
Les Paradis perdus 8 Le Temps de vivre
0%
Bevilacqua 9 Le tourne-cœur
0%
Christophe, etc. Vol. 2 4 Le Tourne-coeur
0%
Bevilacqua 1 L'interview
0%
Paradis retrouvé 8 L'italiano
0%
Les Vestiges du chaos 4 Lou
0%
La dolce vita 3 Macadam
0%
Aimer ce que nous sommes 2 Magda
0%
Les Paradis perdus 3 Mama
0%
Pas vu, pas pris 2 Méchamment rock' n' roll
0%
Samouraï 2 Merci John d'être venu
0%
Christophe (1972) 3 Mère tu es la seule
0%
Christophe (1972) 5 Mes passagères
0%
Les Paradis perdus 5 Mickey
0%
Pas vu, pas pris 5 Minuit boul'vard
0%
Clichés d'Amour 5 Mon amie jalousie
0%
Paradis retrouvé 5 Night Welcome
0%
Christophe (1966) 8 Noël
0%
Clichés d'Amour 9 Noël blanc
0%
Clichés d'Amour 6 Noir est ta couleur
0%
Christophe (1967) 9 Non ti amo più
0%
Comm'si la terre penchait 6 Nuage d'or
0%
Christophe (1972) 9 Nue comme la mer
0%
Les Vestiges du chaos 2 Océan d'amour
0%
Christophe, etc. Vol. 2 1 Océan d'amour
0%
Aimer ce que nous sommes 10 Odore di femina
0%
Comm'si la terre penchait 8 On achève bien les autos
0%
Aimer ce que nous sommes 7 Panorama de Berlin
0%
Christophe, Etc. 8 Parfum d'histoires
0%
Bevilacqua 6 Parfums d'histoires
0%
Aimer ce que nous sommes 12 Parle lui de moi
0%
Samouraï 4 ...Paumé
0%
Bevilacqua 10 Point de rencontre
0%
Samouraï 5 Pour que demain ta vie soit moins moche, part 1
0%
Samouraï 6 Pour que demain ta vie soit moins moche, part 2 : Les dragons de mes chimères
0%
Samouraï 7 Pour que demain ta vie soit moins moche, part 3
0%
Clichés d'Amour 8 Privé d'amour
0%
Bevilacqua 2 Qu'est ce que tu dis là
0%
Bevilacqua 12 Rencontre à l'as Vega
0%
Paradis retrouvé 12 Same thing
0%
Le Beau Bizarre 6 Saute du scooter
0%
Christophe (1967) 10 Sei cambiata
0%
Bevilacqua 11 Shake Hit Babe
0%
Paradis retrouvé 1 Silence on meurt
0%
Christophe (1967) 5 Sopra I tetti azzuri del mio pazzo amore
0%
Comm'si la terre penchait 11 Sous l'eau de rose
0%
Clichés d'Amour 4 Souvenir de Laura
0%
Les Mots bleus 8 Souvenirs
0%
Aimer ce que nous sommes 8 Stand 14
0%
Paradis retrouvé 7 Stay Away
0%
Les Vestiges du chaos 3 Stella Botox
0%
Aimer ce que nous sommes 5 T'aimer fol'ment
0%
Paradis retrouvé 4 Take a Night
0%
Paradis retrouvé 6 Take It
0%
Aimer ce que nous sommes 11 Tandis que
0%
Les Vestiges du chaos 6 Tangerine
0%
Christophe, etc. Vol. 2 11 Tangerine
0%
Samouraï 3 Tant pis si j'en oublie
0%
Bevilacqua 8 Taqua
0%
Aimer ce que nous sommes 6 Tonight tonight
0%
Christophe (1967) 6 Tu es folle
0%
Christophe (1966) 5 Tu n'es plus comme avant
0%
Les Vestiges du chaos 8 Tu te moques
0%
La dolce vita 5 Une autre vie
0%
Comm'si la terre penchait 10 Voir
0%
Aimer ce que nous sommes 1 Wo wo wo wo
0%
Aucun quiz correspondant
Distribution des résultats
% des personnes avec chaque résultat
Percentile par nombre de réponses
Votre historique - résultats
Vous n’avez pas pris ce quiz